| 000 | 00000nam 2200000zi 4500 |
| 001 | 9.935946 |
| 003 | CaOODSP |
| 005 | 20241204094147 |
| 006 | m o d f |
| 007 | cr |n||||||||| |
| 008 | 240321e200409##nsc o f|0| 0 eng d |
| 040 | |aCaOODSP|beng|erda|cCaOODSP |
| 043 | |an-cn--- |
| 086 | 1 |aEn4-668/2004E-PDF |
| 245 | 10|aEnvironment Canada - Atlantic Region science & technology strategy and action plan / |cprepared by: the Regional Science Coordinating Committee, Environment Canada, Atlantic Region. |
| 246 | 14|aEnvironment Canada - Atlantic Region 2004 science and technology strategy and action plan |
| 246 | 17|a2004 S & T strategy and action plan, Environment Canada - Atlantic Region |
| 264 | 1|a[Dartmouth, Nova Scotia] : |bEnvironment Canada, Atlantic Region, |cSeptember 2004. |
| 300 | |a1 online resource (18 pages) |
| 336 | |atext|btxt|2rdacontent |
| 337 | |acomputer|bc|2rdamedia |
| 338 | |aonline resource|bcr|2rdacarrier |
| 500 | |aDigitized edition from print [produced by Environment and Climate Change Canada]. |
| 650 | 0|aScience and state|zCanada|xPlanning. |
| 650 | 0|aTechnology and state|zCanada|xPlanning. |
| 650 | 6|aPolitique scientifique et technique|zCanada|xPlanification. |
| 710 | 1 |aCanada.|bEnvironment Canada. |bAtlantic Region, |eissuing body. |
| 856 | 40|qPDF|s11.10 MB|uhttps://publications.gc.ca/collections/collection_2024/eccc/en4/En4-668-2004-eng.pdf |